| 000 | 00354nam a2200133Ia 4500 | ||
|---|---|---|---|
| 008 | 130318s9999 xx 000 0 und d | ||
| 020 | _a1403926522 | ||
| 082 | _a658.4038 KAM/I | ||
| 100 | _aKamalavijayan, D | ||
| 245 | _aInformation and knowledge management | ||
| 260 |
_bMacmillan India _aNew Delhi _c2005 |
||
| 300 | _a220 | ||
| 650 | _aKNOWLEDGE MANAGEMENT | ||
| 999 |
_c853 _d853 |
||